000 00893nam a22002897a 4500
001 BR0405061
003 BR-BrBNA
005 20230928101740.0
007 ta
008 230509b bl.||||| |||| 00| 0 por d
040 _aBR-BrBNA
_bpor
_cBiblioteca Nacional de Agricultura
041 _a(Por)
072 _aC20; E80; E50
090 _ C20 BR0405061
110 1 _aServiço Nacional de Aprendizagem Rural, Curitiba, PR (Brasil). Administração Regional do Estado do Paraná
245 1 _aTrabalhador em turismo rural; artesanato como recurso turístico no meio rural
_bColeção SENAR-63
260 3 _aCuritiba, PR (Brasil):
_c2003.
300 _a71 p.
500 _a8 ref.; 19 illus.
650 _aTURISMO
650 _aARTESANATO
650 _aZONA RURAL
650 _aINDÚSTRIA CASEIRA
650 _aEXTENSÃO RURAL
909 _a202309
_bLucia
_c55
_dLucia Elande
942 _cBK
999 _c67389
_d67389